1788 1922 1677 1719 1365 1342 1529 1041 1666 1742 1052 1119 1585 1897 1126 1347 1495 1124 1760 1167 1301 1274 1423 1814 1641 1124 1399 1945 1394 1980 1585 1434 1596 1251 1401 1480 1929 1533 1069 1441 1902 1403 1809 1285 1189 1723 1592 1854 1715 1543 1524 1819 1777 1804 1700 1556 1810 1903 1307 1821 1453 1270 1700 1232 1228 1531 1798 1204 1703 1421 1253 1003 1937 1680 1093 1741 1044 1591 1135 1158 1598 1116 1039 1972 1329 1144 1371 1645 1053 1552 1826 1693 1304 1614 1107 1804 1462 1102 1240 BCNSPRNW ULIB Ver.6.0+V

เปลี่ยนเป็นภาษาไทย

Change to English
 แสดงรายละเอียดบรรณานุกรม
  กลับหน้าหลัก

Brief Record : Get Marc (ISO 2709) : E-mail record : QR code < ปิดหน้าต่าง
LEADER : 00000nam 2200000uu 4500
001    13399127970
003     ULIB
008    211117s2563||||th 000 0 tha d
020    ^a9786165721424
050    ^aนว^bภ262ป
100 0  ^aภวันดร
245 10 ^aปริศนาชบาแดง /^cภวันดร
250    ^aพิมพ์ครั้งที่ 1
260    ^aกรุงเทพฯ :^bกู๊ดเฮด พริ้นท์ติ้ง แอนด์ แพคเกจจิ้ง กรุ๊ป,^c2563
300    ^a280 หน้า ;^c21 ซม.
650  0 ^aนวนิยาย
945    ^p333^l0^i008560
999    ^aประนอม เกษจรัล
รายการนี้ยังไม่มีแท็ก
คุณยังไม่ได้ล็อกอิน คุณสามารถมีกิจกรรมร่วมกับเว็บไซต์ได้ แต่ต้องล็อกอินก่อน ::
  ล็อกอิน

รายการสื่อสารสนเทศ

ลำดับที่ ประเภท เลขเรียก/บาร์โค้ด สถานที่ สถานะ
1. นวนิยาย
นวนิยาย
นว ภ262ป ฉ.1 
  Barcode: 008560
ห้องสมุดวิทยาเขตสวรรค์ประชารักษ์
►นวนิยาย
บนชั้น
  ขอยืม

รายการใกล้เคียง
    ผู้แต่ง [ภวันดร]

    หัวเรื่อง [นวนิยาย]

BibComment


ยังไม่เคยถูกคอมเมนท์

คอมเมนท์ทรัพยากรรายการนี้
  คอมเมนท์: ปริศนาชบาแดง ภว..


 Copyright 2026. Bcnsprnw @Library